| 000 | 00670nam a2200217Ia 4500 | ||
|---|---|---|---|
| 003 | GCL | ||
| 005 | 20240530103259.0 | ||
| 008 | 140319s9999 xx 000 0 ara d | ||
| 040 |
_aGCL / _cGCL |
||
| 082 | 0 | 4 |
_a812.008 _bا م |
| 100 | 0 | _aالفريد فرج | |
| 245 | 1 | 0 |
_aمسرحيات فصل واحد ج1 (هدية من الاديب عبدالفتاح الجمل) / _cالفريد فرج |
| 300 | _a128 ص | ||
| 490 |
_aكتابات معاصرة _v0 |
||
| 650 | 0 | 4 | _aالادب العربى |
| 650 | 0 | 4 | _aالمسرحيات |
| 650 | 0 | 4 | _aالمجموعات |
| 700 | 1 | _aسعدالدين وهبة | |
| 700 | 1 | _aعبدالمنعم شلبى | |
| 942 |
_2ddc _cBK |
||
| 999 |
_c38116 _d38116 |
||